Statistics for 台北・新北・桃園捷運の駅

Click here to take the quiz!

General Stats

  • This quiz has been taken 10 times
  • The average score is 32 of 182

Answer Stats

路線名ナンバリング% Correct
淡水信義線R28淡水
88%
淡水信義線R22北投
75%
淡水信義線(新北投支線)R22北投
75%
淡水信義線(新北投支線)R22A新北投
75%
松山新店線G19松山
63%
淡水信義線R02象山
63%
板南線BL22南港
50%
板南線BL13善導寺
50%
板南線BL12台北車站
50%
板南線BL23南港展覽館
50%
松山新店線(小碧潭支線)G03A小碧潭
50%
文湖線BR09大安
50%
松山新店線G12西門
50%
松山新店線G10中正紀念堂
50%
松山新店線G01新店
50%
文湖線BR13松山機場
50%
桃園捷運機場線A1台北車站
50%
板南線BL11西門
50%
文湖線BR24南港展覽館
50%
淡水信義線R05大安
50%
淡水信義線R10台北車站
50%
淡水信義線R08中正紀念堂
50%
淡水信義線R03台北101/世貿
50%
文湖線BR11南京復興
38%
淡水信義線R06大安森林公園
38%
板南線BL07板橋
38%
淡水信義線R11中山
38%
松山新店線G17台北小巨蛋
38%
松山新店線G16南京復興
38%
松山新店線G15松江南京
38%
松山新店線G14中山
38%
松山新店線G13北門
38%
松山新店線G11小南門
38%
淡水信義線R15劍潭
38%
環状線Y20新北產業園區
38%
中和新蘆線O15三重
38%
環状線Y16板橋
38%
中和新蘆線O08松江南京
38%
桃園捷運機場線A3新北產業園區
38%
桃園捷運機場線A2三重
38%
淡水信義線R04信義安和
38%
淡水信義線R12雙連
38%
文湖線BR01動物園
25%
淡水信義線R09台大醫院
25%
淡水信義線R07東門
25%
淡海軽軌V01紅樹林
25%
淡水信義線R20唭哩岸
25%
中和新蘆線O06東門
25%
中和新蘆線O11民權西路
25%
中和新蘆線O18新莊
25%
淡水信義線R21奇岩
25%
文湖線BR12中山國中
25%
松山新店線G18南京三民
25%
板南線BL01頂埔
25%
松山新店線G02新店區公所
25%
淡水信義線R16士林
25%
淡水信義線R17芝山
25%
松山新店線G08台電大樓
25%
松山新店線G03七張
25%
淡水信義線R14圓山
25%
淡水信義線R18明德
25%
淡水信義線R19石牌
25%
淡水信義線R13民權西路
25%
淡水信義線R27紅樹林
25%
松山新店線(小碧潭支線)G03七張
25%
中和新蘆線(蘆洲線)O50三重國小
13%
中和新蘆線(蘆洲線)O54蘆洲
13%
環状線Y7大坪林
13%
桃園捷運機場線A4新莊副都心
13%
桃園捷運機場線A21環北
13%
桃園捷運機場線A18高鐵桃園
13%
桃園捷運機場線A14a機場旅館
13%
桃園捷運機場線A5泰山
13%
桃園捷運機場線A6泰山貴和
13%
桃園捷運機場線A15大園
13%
桃園捷運機場線A7體育大學
13%
文湖線BR14大直
13%
文湖線BR02木柵
13%
桃園捷運機場線A13機場第二航廈
13%
桃園捷運機場線A12機場第一航廈
13%
桃園捷運機場線A11坑口
13%
桃園捷運機場線A10山鼻
13%
桃園捷運機場線A9林口
13%
桃園捷運機場線A8長庚醫院
13%
文湖線BR10忠孝復興
13%
淡海軽軌V10淡海新市鎮
13%
中和新蘆線O05古亭
13%
板南線BL19永春
13%
板南線BL05亞東醫院
13%
板南線BL18市政府
13%
板南線BL17國父紀念館
13%
板南線BL16忠孝敦化
13%
板南線BL15忠孝復興
13%
板南線BL14忠孝新生
13%
板南線BL10龍山寺
13%
板南線BL09江子翠
13%
松山新店線G09古亭
13%
板南線BL21昆陽
13%
松山新店線G07公館
13%
松山新店線G06萬隆
13%
松山新店線G05景美
13%
松山新店線G04大坪林
13%
淡水信義線R26竹圍
13%
淡水信義線R25關渡
13%
淡水信義線R24忠義
13%
淡水信義線R23復興崗
13%
文湖線BR23南港軟體園區
13%
板南線BL20後山埤
13%
中和新蘆線O01南勢角
13%
中和新蘆線O13台北橋
13%
中和新蘆線O10中山國小
13%
中和新蘆線O07忠孝新生
13%
桃園捷運機場線A17領航
0%
淡海軽軌V27沙崙
0%
淡海軽軌V09濱海沙崙
0%
淡海軽軌V08濱海義山
0%
淡海軽軌V07淡水行政中心
0%
淡海軽軌V28台北海洋大學
0%
淡海軽軌V06新市一路
0%
淡海軽軌V05淡金北新
0%
安坑軽軌K8新和國小
0%
安坑軽軌K7陽光運動公園
0%
淡海軽軌V04淡江大學
0%
安坑軽軌K6安康
0%
安坑軽軌K5景文科大
0%
安坑軽軌K4耕莘安康院區
0%
安坑軽軌K1雙城
0%
淡海軽軌V03淡金鄧公
0%
淡海軽軌V02竿蓁林
0%
安坑軽軌K2玫瑰中國城
0%
安坑軽軌K3台北小城
0%
桃園捷運機場線A20興南
0%
桃園捷運機場線A19桃園體育園區
0%
淡海軽軌V11崁頂
0%
桃園捷運機場線A16橫山
0%
淡海軽軌V26淡水漁人碼頭
0%
中和新蘆線O19輔大
0%
文湖線BR22東湖
0%
中和新蘆線O14菜寮
0%
中和新蘆線(蘆洲線)O53三民高中
0%
中和新蘆線(蘆洲線)O52徐匯中學
0%
中和新蘆線(蘆洲線)O51三和國中
0%
中和新蘆線(蘆洲線)O12大橋頭
0%
中和新蘆線O21迴龍
0%
中和新蘆線O20丹鳳
0%
中和新蘆線O17頭前庄
0%
中和新蘆線O16先嗇宮
0%
中和新蘆線O12大橋頭
0%
環状線Y9秀朗橋
0%
中和新蘆線O09行天宮
0%
中和新蘆線O04頂溪
0%
中和新蘆線O03永安市場
0%
中和新蘆線O02景安
0%
板南線BL08新埔
0%
板南線BL06府中
0%
板南線BL04海山
0%
板南線BL03土城
0%
板南線BL02永寧
0%
環状線Y8十四張
0%
環状線Y10景平
0%
文湖線BR21葫洲
0%
文湖線BR06麟光
0%
文湖線BR20大湖公園
0%
文湖線BR19內湖
0%
文湖線BR18文德
0%
文湖線BR17港墘
0%
文湖線BR16西湖
0%
文湖線BR15劍南路
0%
文湖線BR08科技大樓
0%
文湖線BR07六張犁
0%
文湖線BR05辛亥
0%
環状線Y11景安
0%
文湖線BR04萬芳醫院
0%
文湖線BR03萬芳社區
0%
環状線Y19幸福
0%
環状線Y18頭前庄
0%
環状線Y17新埔民生
0%
環状線Y15板新
0%
環状線Y14中原
0%
環状線Y13橋和
0%
環状線Y12中和
0%
安坑軽軌K9十四張
0%

Score Distribution

Percentile by Number Answered

Percent of People with Each Score

Your Score History

You have not taken this quiz